000 00504nam a22001817a 4500
999 _c174563
_d174563
005 20200623162401.0
010 _aB-147063
020 _a9780070583764
035 _aB-147063
037 _bLending
082 _a004.21
100 _aKahate, Atul
245 _aObject Oriented:
_bAnalysis & Design /
_cAtul Kahate
260 _aNew Delhi
_bTata McGraw-Hill
_c2004
270 _a7 West Patel Nagar
_bNew Delhi
_e110008
300 _a424p.
_c24cm(pbk)
942 _2ddc
_cEN
_h004.21
_mKAH